[Event "AUTO-MASTER-86"]
[Site "http://www.queenalice.com/game.php?id=68579"]
[Date "2006.5.12"]
[Round "2"]
[White "Scander"]
[Black "dnptrs"]
[Result "1-0"]
[WhiteElo "1801"]
[BlackElo "2060"]

1. e4 c5 2. Nf3 Nc6 3. d4 cxd4 4. Nxd4 g6 5. Bc4 Bg7 6. Nxc6 bxc6 7. O-O Qc7 8.
a4 Bb7 9. Ra3 Nf6 10. Nd2 d5 11. exd5 cxd5 12. Bb5+ Nd7 13. Nf3 O-O 14. Bxd7
Qxd7 15. Re1 Qc7 16. Rae3 e6 17. c3 Ba6 18. Ne5 Rab8 19. Qg4 Bh6 20. Nxg6 fxg6
21. Qxe6+ Kh8 22. Qxa6 Bxe3 23. Bxe3 Qb7 24. Bd4+ Kg8 25. Qe6+ 1-0

[Event "AUTO-MASTER-86"]
[Site "http://www.queenalice.com/game.php?id=68580"]
[Date "2006.5.12"]
[Round "2"]
[White "dnptrs"]
[Black "Scander"]
[Result "1/2-1/2"]
[WhiteElo "2062"]
[BlackElo "1827"]

1. d4 Nf6 2. Nf3 g6 3. e3 Bg7 4. c4 c5 5. Be2 d6 6. O-O cxd4 7. exd4 O-O 8. Nc3
h6 9. b3 d5 10. cxd5 Nxd5 11. Nxd5 Qxd5 12. Bb2 Nc6 13. Re1 e6 14. Rc1 Bd7 15.
Ne5 Nxe5 16. dxe5 Bc6 17. Qxd5 Bxd5 18. Rc7 Rac8 19. Rec1 Rxc7 20. Rxc7 a6 21.
Kf1 Bc6 22. Bf3 Bxf3 23. gxf3 Rd8 24. Ke2 Rd5 25. Rxb7 Bxe5 26. Bc1 Bxh2 27.
Bxh6 g5 28. Ra7 Ra5 29. a4 Bf4 30. Ra8+ Kh7 31. Bf8 1/2-1/2

[Event "AUTO-MASTER-86"]
[Site "http://www.queenalice.com/game.php?id=68581"]
[Date "2006.5.12"]
[Round "2"]
[White "Scander"]
[Black "jsm"]
[Result "1-0"]
[WhiteElo "1881"]
[BlackElo "1985"]

1. e4 e5 2. Bc4 Nf6 3. Qe2 Bc5 4. c3 O-O 5. b4 Bb6 6. Bb2 d6 7. d3 Nc6 8. h3 Be6
9. Bxe6 fxe6 10. Nd2 Nd7 11. Ngf3 Rf4 12. O-O-O a5 13. b5 Ne7 14. c4 a4 15. g3
Rf6 16. d4 exd4 17. Bxd4 Bxd4 18. Nxd4 e5 19. Nc2 Nc5 20. f4 exf4 21. e5 dxe5
22. Ne4 Qc8 23. Nxf6+ gxf6 24. gxf4 e4 25. Rhg1+ Kf8 26. Qg2 Nd3+ 27. Rxd3 exd3
28. Qg7+ Ke8 29. Re1 d2+ 30. Kxd2 Qd7+ 31. Kc1 Rd8 32. Qg8# 1-0

[Event "AUTO-MASTER-86"]
[Site "http://www.queenalice.com/game.php?id=68582"]
[Date "2006.5.12"]
[Round "2"]
[White "jsm"]
[Black "Scander"]
[Result "0-1"]
[WhiteElo "1963"]
[BlackElo "1896"]

1. Nf3 c5 2. e4 d6 3. d4 cxd4 4. Nxd4 Nf6 5. Nc3 g6 6. f3 Bg7 7. Be3 Bd7 8. Qd2
Nc6 9. h4 O-O 10. O-O-O a6 11. h5 Nxh5 12. g4 Nf6 13. Qh2 h5 14. Nd5 Nxg4 15.
fxg4 Bxg4 16. Be2 Bxe2 17. Qxe2 e6 18. Nxc6 bxc6 19. Nb6 Rb8 20. Qxa6 d5 21. c3
d4 22. Nc4 c5 23. Bf4 e5 24. Bd2 Ra8 25. Qc6 Rxa2 26. Kb1 Qa8 27. Na3 Qxc6 28.
Kxa2 Qxe4 29. Rhe1 Qd5+ 30. Kb1 Ra8 31. c4 Qb7 32. Nb5 e4 33. Bf4 Qa6 34. Na3
Qb6 35. Nb5 Qa5 36. Na3 Qb4 37. Nb5 d3 38. Rd2 Bxb2 0-1

[Event "AUTO-MASTER-86"]
[Site "http://www.queenalice.com/game.php?id=68583"]
[Date "2006.5.12"]
[Round "2"]
[White "Scander"]
[Black "Lionel"]
[Result "1-0"]
[WhiteElo "1854"]
[BlackElo "2030"]

1. e4 c5 2. Nc3 Nc6 3. g3 b6 4. Bg2 Bb7 5. Nge2 Qc7 6. O-O Nf6 7. d4 cxd4 8.
Nxd4 Nxd4 9. Qxd4 g6 10. e5 Bxg2 11. Kxg2 Nh5 12. g4 Bg7 13. gxh5 Bxe5 14. Nd5
Qb8 15. Qe4 e6 16. f4 Bd6 17. Be3 Kd8 18. Qd4 Rg8 19. Nf6 Qb7+ 20. Rf3 Bc5 21.
Qc3 Rf8 22. Bxc5 bxc5 23. Qxc5 Rc8 24. Qxf8+ 1-0

[Event "AUTO-MASTER-86"]
[Site "http://www.queenalice.com/game.php?id=68584"]
[Date "2006.5.12"]
[Round "2"]
[White "Lionel"]
[Black "Scander"]
[Result "0-1"]
[WhiteElo "2008"]
[BlackElo "1901"]

1. d4 Nf6 2. Nf3 c5 3. dxc5 Qa5+ 4. Nc3 Nc6 5. Be3 e6 6. g3 Bxc5 7. Bxc5 Qxc5 8.
e3 a6 9. Bg2 d5 10. O-O Bd7 11. Re1 O-O-O 12. e4 dxe4 13. Nxe4 Nxe4 14. Rxe4 e5
15. Qe2 f6 16. Rc4 Qb5 17. a4 Qxb2 18. Qe1 Be6 19. Rc5 Rd6 20. h4 e4 21. Nh2 f5
22. Rb1 Qf6 23. Qb4 Qf7 24. f3 Qc7 25. fxe4 Nxb4 26. Rxc7+ Kxc7 27. exf5 Bd5 28.
Rxb4 Bxg2 29. Kxg2 Rd2+ 30. Kh3 Rxc2 31. Re4 Rd8 32. Nf3 Rd7 33. Ng5 h6 34. Ne6+
Kb6 35. Nxg7 Rxg7 36. g4 Rc3+ 37. Kg2 Ka5 38. f6 Rf7 39. Rf4 b5 40. axb5 axb5
0-1

[Event "AUTO-MASTER-102"]
[Site "http://www.queenalice.com/game.php?id=77647"]
[Date "2006.6.17"]
[Round "2"]
[White "danieltan"]
[Black "Scander"]
[Result "0-1"]
[WhiteElo "1693"]
[BlackElo "1915"]

1. e4 Nf6 2. e5 Nd5 3. d4 d6 4. Bc4 Nb6 5. c3 Nxc4 6. Qa4+ b5 7. Qxb5+ c6 8.
Qxc4 Ba6 9. Qb3 dxe5 10. Be3 exd4 11. Bxd4 e5 12. Be3 Qd3 13. Nd2 Nd7 14. O-O-O
Rb8 15. Qa4 Bb5 16. Qxa7 Bd6 17. Nb3 Qg6 18. g3 Bd3 19. Qa4 Bc7 20. Nf3 e4 21.
Nfd4 Ne5 22. Nd2 O-O 23. f3 Ra8 24. Nxc6 Nxc6 25. Qb3 Rfb8 26. Qd5 Rb5 27. Qd7
h6 28. Qxc7 Rxa2 29. Nxe4 Ra1+ 0-1

[Event "AUTO-MASTER-102"]
[Site "http://www.queenalice.com/game.php?id=77648"]
[Date "2006.6.17"]
[Round "2"]
[White "Scander"]
[Black "danieltan"]
[Result "1-0"]
[WhiteElo "1919"]
[BlackElo "1817"]

1. c4 c5 2. Nf3 Nf6 3. Nc3 Nc6 4. g3 b6 5. Bg2 e6 6. Qa4 Be7 7. d4 O-O 8. d5
exd5 9. cxd5 Na5 10. d6 Bxd6 11. e4 Bb7 12. O-O Bc6 13. Qc2 Re8 14. Nd2 Be5 15.
Nd5 Bxd5 16. exd5 Rc8 17. Nc4 b5 18. Nxe5 Rxe5 19. Bf4 Re8 20. Qf5 d6 21. b3 b4
22. Rfe1 c4 23. Rxe8+ Qxe8 24. Bxd6 cxb3 25. axb3 Nxb3 26. Rb1 Nd2 27. Rd1 b3
28. Bb4 Nde4 29. Bxe4 Nxe4 30. d6 Nf6 31. d7 Nxd7 32. Rxd7 Rc1+ 33. Kg2 Qa8+ 34.
Kh3 Qe8 35. Qd3 Qe6+ 36. g4 Qh6+ 37. Kg3 Rg1+ 38. Kf3 Qh3+ 39. Ke2 Qf1+ 40. Ke3
Qh3+ 41. Kd2 Qh6+ 42. Qe3 Qxe3+ 43. fxe3 f6 44. Kc3 Rxg4 45. Kxb3 Rg2 46. Rxa7
Rxh2 47. Ra8+ Kf7 48. Kc3 Rh5 49. Ra5 Kg6 50. Kd3 Rh4 51. Bf8 Kf7 52. Bd6 g5 53.
Ke2 Rc4 54. Kf3 Kg6 55. Ra6 f5 56. Bf8+ Kf7 57. Bh6 g4+ 58. Kg3 Re4 59. Bg5 Re6
60. Rxe6 Kxe6 61. Kf4 1-0

[Event "AUTO-MASTER-102"]
[Site "http://www.queenalice.com/game.php?id=77651"]
[Date "2006.6.17"]
[Round "2"]
[White "Redtom"]
[Black "Scander"]
[Result "0-1"]
[WhiteElo "1884"]
[BlackElo "1836"]

1. e4 Nc6 2. d4 e5 3. Nf3 exd4 4. Nxd4 Bc5 5. Nxc6 Qf6 6. f3 Qxc6 7. Nc3 Ne7 8.
Bb5 Qg6 9. Qe2 c6 10. Bd3 d6 11. e5 Bf5 12. exd6 Bxd6 13. Ne4 O-O-O 14. Nxd6+
Rxd6 15. Bxf5+ Qxf5 16. O-O Nd5 17. Be3 Re8 0-1

[Event "AUTO-MASTER-102"]
[Site "http://www.queenalice.com/game.php?id=77652"]
[Date "2006.6.17"]
[Round "2"]
[White "Scander"]
[Black "Redtom"]
[Result "1-0"]
[WhiteElo "1877"]
[BlackElo "1854"]

1. d4 f5 2. g4 d6 3. gxf5 Bxf5 4. Bg2 c6 5. e4 Bg6 6. Bg5 Nd7 7. Nc3 Ngf6 8.
Nge2 Qb6 9. Qd2 O-O-O 10. d5 Ng4 11. O-O Nge5 12. dxc6 bxc6 13. b3 Re8 14. Be3
Qb7 15. h3 e6 16. f4 Nf7 17. a4 d5 18. f5 exf5 19. exd5 Rxe3 20. dxc6 Qb6 21.
Nd5 Qc5 22. cxd7+ Kd8 23. Nd4 Re5 24. Kh1 Rxd5 25. Ne6+ Ke7 26. Bxd5 Qb6 27.
Rae1 Kf6 28. d8=Q+ Nxd8 29. Nxd8 1-0

[Event "AUTO-MASTER-102"]
[Site "http://www.queenalice.com/game.php?id=77653"]
[Date "2006.6.17"]
[Round "2"]
[White "man_from_mars"]
[Black "Scander"]
[Result "0-1"]
[WhiteElo "1570"]
[BlackElo "1914"]

1. e4 d5 2. exd5 Qxd5 3. Nf3 c6 4. c4 Qa5 5. Be2 Bg4 6. O-O e6 7. Re1 Nd7 8. d4
Bb4 9. Nc3 Bxc3 10. bxc3 Bxf3 11. Bxf3 Qxc3 12. Rb1 Qxc4 13. Rxb7 Ne7 14. Bg5 f6
15. Bh4 h5 16. Bg3 e5 17. dxe5 O-O-O 18. Qb1 Qa6 19. Rb3 Nxe5 20. Be2 Qa5 21.
Rb8+ Kd7 22. Bxe5 fxe5 23. Rd1+ Ke6 24. Qb3+ Nd5 25. Rb7 g6 26. Bc4 Rhf8 27. Rg7
Kf6 28. Rb7 Qc5 29. h4 Ke6 30. Rd2 Rf4 31. Rc2 Rxh4 0-1

[Event "AUTO-MASTER-102"]
[Site "http://www.queenalice.com/game.php?id=77654"]
[Date "2006.6.17"]
[Round "2"]
[White "Scander"]
[Black "man_from_mars"]
[Result "1-0"]
[WhiteElo "1912"]
[BlackElo "1572"]

1. e4 d6 2. d4 Nf6 3. Nc3 g6 4. Be3 Bg7 5. Bc4 O-O 6. f3 e5 7. Nge2 Be6 8. d5
Bd7 9. Qd2 Ne8 10. g4 f5 11. gxf5 gxf5 12. O-O-O f4 13. Nxf4 exf4 14. Bxf4 Qh4
15. Bg3 Qh5 16. f4 Bg4 17. Rde1 Nd7 18. h3 Bf3 19. Rhf1 Nef6 20. Qf2 Bxe4 21.
Nxe4 a6 22. Ng5 Nc5 23. Ne6 Nfe4 24. Qh2 Rf7 25. Nxg7 Rxg7 26. Be2 Qxd5 27. Bh4
Qxa2 28. c3 Na4 29. Bd3 1-0

[Event "AUTO-ELITE-79"]
[Site "http://www.queenalice.com/game.php?id=86778"]
[Date "2006.7.17"]
[Round "1"]
[White "Scander"]
[Black "MikeDoherty"]
[Result "0-1"]
[WhiteElo "1908"]
[BlackElo "2003"]

1. b4 e6 2. Bb2 Nf6 3. a3 Be7 4. c4 O-O 5. Nc3 d5 6. cxd5 exd5 7. Nf3 Bg4 8. Ne5
Be6 9. d4 Nbd7 10. e3 Nxe5 11. dxe5 Ng4 12. Ne2 f6 13. Nf4 Qd7 14. exf6 Bxf6 15.
Bxf6 Rxf6 16. Ra2 Re8 17. Be2 Nxf2 18. Kxf2 g5 19. Qd4 Qe7 20. Bh5 Ref8 21. g3
gxf4 22. exf4 b6 23. Rc2 Qd6 24. Bf3 c6 25. Rhc1 Bd7 26. b5 c5 27. Qxd5+ Qxd5
28. Bxd5+ Kg7 29. a4 Rd6 30. Be4 Rd4 31. Rc4 Rxc4 32. Rxc4 Be6 33. Rc3 Rd8 34.
Rd3 Rxd3 35. Bxd3 Bb3 36. Ke3 Bxa4 37. Ke4 Bb3 0-1

[Event "AUTO-ELITE-79"]
[Site "http://www.queenalice.com/game.php?id=86779"]
[Date "2006.7.17"]
[Round "1"]
[White "MikeDoherty"]
[Black "Scander"]
[Result "1-0"]
[WhiteElo "2069"]
[BlackElo "1922"]

1. e4 d5 2. exd5 Qxd5 3. Nc3 Qa5 4. Nf3 c6 5. Be2 Nf6 6. O-O e6 7. d4 Bd6 8. Bd2
Qc7 9. Re1 Nbd7 10. Bd3 Nd5 11. Nxd5 cxd5 12. Rc1 Bf4 13. c4 Bxd2 14. Qxd2 dxc4
15. Rxc4 Qd6 16. Qc2 O-O 17. Bxh7+ Kh8 18. Bd3 g6 19. Qd2 Kg7 20. Qc3 Nf6 21.
Ne5 Nd5 22. Qd2 Rh8 23. g3 Bd7 24. Nxd7 Qxd7 25. Bf1 Rh5 26. Re5 f5 27. Qe2 Rah8
28. h3 Kf6 29. Bg2 g5 30. Rc1 R5h6 31. Re1 Nc7 32. Rc5 b6 33. Qe5+ 1-0

[Event "AUTO-ELITE-79"]
[Site "http://www.queenalice.com/game.php?id=86780"]
[Date "2006.7.17"]
[Round "1"]
[White "Scander"]
[Black "dnptrs"]
[Result "0-1"]
[WhiteElo "1921"]
[BlackElo "2001"]

1. f3 d5 2. d4 e6 3. Nc3 Nf6 4. Bg5 Be7 5. Qd2 O-O 6. O-O-O c6 7. Kb1 b5 8. Bxf6
Bxf6 9. e4 a5 10. Nge2 a4 11. Nc1 Bd7 12. e5 Be7 13. Bd3 b4 14. N3e2 c5 15. dxc5
Bxc5 16. Ng3 a3 17. b3 Qe7 18. h4 Nc6 19. Qf4 f6 20. exf6 Rxf6 21. Qg4 Ne5 22.
Qg5 Nxd3 23. Nxd3 Rg6 24. Qxe7 Bxe7 25. Ne5 Rxg3 26. Nxd7 Rxg2 0-1

[Event "AUTO-ELITE-79"]
[Site "http://www.queenalice.com/game.php?id=86781"]
[Date "2006.7.17"]
[Round "1"]
[White "dnptrs"]
[Black "Scander"]
[Result "1-0"]
[WhiteElo "2010"]
[BlackElo "1892"]

1. d4 d5 2. Nf3 Nf6 3. e3 e6 4. Be2 Bd6 5. O-O Nbd7 6. b3 O-O 7. c4 c6 8. Bb2
Re8 9. Nc3 e5 10. dxe5 Nxe5 11. Nxe5 Bxe5 12. Qc2 Bxh2+ 13. Kxh2 Ng4+ 14. Bxg4
Bxg4 15. f3 Qh4+ 16. Kg1 Rxe3 17. fxg4 d4 18. Nd1 d3 19. Qf2 1-0

[Event "AUTO-ELITE-79"]
[Site "http://www.queenalice.com/game.php?id=86782"]
[Date "2006.7.17"]
[Round "1"]
[White "Scander"]
[Black "joey30"]
[Result "1-0"]
[WhiteElo "1916"]
[BlackElo "1853"]

1. e4 c5 2. Nc3 Nc6 3. Nge2 d6 4. g3 Bg4 5. Bg2 Nf6 6. f3 Bd7 7. d4 cxd4 8. Nxd4
h6 9. Nb3 e6 10. Be3 a6 11. f4 e5 12. Qd2 Be7 13. a4 O-O 14. O-O-O Ng4 15. Bg1
exf4 16. gxf4 h5 17. h3 Nh6 18. Nd5 Rc8 19. e5 dxe5 20. Nxe7+ Qxe7 21. Qxd7 Qb4
22. Bxc6 Rxc6 23. Kb1 exf4 24. a5 Rfc8 25. Rh2 R6c7 26. Qd5 Rc6 27. Qxh5 Rg6 28.
Bb6 Nf5 29. Qxf5 Rf6 30. Qxc8+ Kh7 31. Bc5 Qe4 32. Rd8 f3 33. Rh8+ Kg6 34. Qg8
Rf5 35. Qh7+ Kf6 36. Bd4+ Ke7 37. Qxg7 1-0

[Event "AUTO-ELITE-79"]
[Site "http://www.queenalice.com/game.php?id=86783"]
[Date "2006.7.17"]
[Round "1"]
[White "joey30"]
[Black "Scander"]
[Result "0-1"]
[WhiteElo "1690"]
[BlackElo "1909"]

1. e4 c6 2. d4 d5 3. e5 Bf5 4. Bd3 e6 5. Bxf5 exf5 6. Nf3 g6 7. O-O Nd7 8. Qe2
h6 9. c4 dxc4 10. Qxc4 Nb6 11. Qb3 Qd5 12. Qd3 O-O-O 13. Nc3 Qc4 14. Qc2 Bb4 15.
a3 Bf8 16. b3 Qe6 17. a4 Ne7 18. b4 Bg7 19. b5 g5 20. a5 Nbd5 21. bxc6 Nxc6 22.
Nb5 a6 23. Nd6+ Kb8 24. Ba3 f4 25. Bc5 Bf8 26. Rab1 Rxd6 27. Bxd6+ Bxd6 28. Qxc6
Bb4 29. Qc4 Bxa5 30. Rfc1 Rc8 31. Qb3 Rxc1+ 32. Rxc1 b6 33. Ra1 Nb4 34. Qb1 g4
35. Ne1 g3 36. hxg3 fxg3 37. fxg3 Qg4 38. d5 Qd4+ 39. Kh1 Qxe5 40. Ra4 Qh5+ 41.
Kg1 Qxd5 42. Ra3 Kb7 43. Rf3 Nc6 44. Rd3 Qf5 45. Nf3 b5 46. Qd1 Bb6+ 47. Kf1 Ne5
48. Rd5 f6 49. g4 Qxg4 50. Qe2 Qc4 51. Qxc4 Nxc4 52. Rh5 Ne3+ 53. Ke2 Nxg2 54.
Rxh6 Nf4+ 55. Kd2 Nd5 56. Nh4 a5 57. Kc2 Kc6 58. Nf3 b4 59. Nd2 a4 60. Ne4 b3+
61. Kb2 Bd4+ 62. Ka3 b2 63. Ka2 Nb4+ 64. Kb1 a3 65. Rxf6+ Bxf6 66. Nxf6 Kc5 67.
Ne4+ Kc4 68. Nd2+ Kc3 69. Ne4+ Kd4 0-1

[Event "Challenge"]
[Site "http://www.queenalice.com/game.php?id=122778"]
[Date "2006.10.28"]
[Round "-"]
[White "MikeDoherty"]
[Black "Scander"]
[Result "1-0"]
[WhiteElo "2087"]
[BlackElo "1929"]

1. e4 d5 2. exd5 Qxd5 3. Nc3 Qa5 4. Nf3 c6 5. d4 Bg4 6. Be2 Nd7 7. O-O O-O-O 8.
Bd2 Qc7 9. Qe1 e6 10. Ne4 f6 11. Ba5 b6 12. Bd2 Ne7 13. c4 h6 14. a4 g5 15. a5
Kb8 16. axb6 axb6 17. c5 Nd5 18. cxb6 N7xb6 19. Nc5 Bxc5 20. dxc5 Nd7 21. Ba5
Qc8 22. Bxd8 Qxd8 23. b4 Bxf3 24. Bxf3 Ne5 25. Bxd5 exd5 26. b5 cxb5 27. Qb4 Rh7
28. Qxb5+ Rb7 29. Qa6 Kc7 30. Rfb1 Rxb1+ 31. Rxb1 Qc8 32. Qd6# 1-0

[Event "AUTO-MASTER-245"]
[Site "http://www.queenalice.com/game.php?id=148579"]
[Date "2006.12.31"]
[Round "1"]
[White "Scander"]
[Black "vila1"]
[Result "1-0"]
[WhiteElo "1900"]
[BlackElo "1726"]

1. d4 g6 2. c4 Bg7 3. Nc3 c5 4. Nf3 cxd4 5. Nxd4 Nc6 6. e3 Nf6 7. Be2 a6 8. O-O
O-O 9. g4 h6 10. h4 e5 11. Nc2 Re8 12. g5 hxg5 13. hxg5 Nh7 14. f4 exf4 15. exf4
f6 16. Qd5+ 1-0

[Event "AUTO-MASTER-245"]
[Site "http://www.queenalice.com/game.php?id=148580"]
[Date "2006.12.31"]
[Round "1"]
[White "vila1"]
[Black "Scander"]
[Result "0-1"]
[WhiteElo "1736"]
[BlackElo "1890"]

1. c4 g6 2. g3 Bg7 3. Bg2 c6 4. Nc3 Nf6 5. e3 O-O 6. d4 d5 7. cxd5 cxd5 8. Nge2
e6 9. O-O a6 10. b3 Nc6 11. a3 Bd7 12. Na4 b6 13. b4 e5 14. Nec3 exd4 15. exd4
Be6 0-1

[Event "AUTO-MASTER-245"]
[Site "http://www.queenalice.com/game.php?id=148581"]
[Date "2006.12.31"]
[Round "1"]
[White "Scander"]
[Black "marcosnatal"]
[Result "0-1"]
[WhiteElo "1898"]
[BlackElo "2104"]

1. e4 e5 2. Nf3 Nc6 3. Bc4 Nf6 4. d3 Bc5 5. O-O d6 6. c3 O-O 7. h3 Na5 8. Bb5 a6
9. Ba4 b5 10. b4 bxa4 11. bxc5 Qd7 12. Ba3 Rb8 13. cxd6 cxd6 14. Nbd2 Bb7 15.
Qe2 Rfc8 16. Rac1 Nh5 17. g3 Nf6 18. Kg2 h6 19. Nh4 Rd8 20. f4 Kh8 21. fxe5 dxe5
22. Rxf6 gxf6 23. d4 exd4 24. Qh5 dxc3 0-1

[Event "AUTO-MASTER-245"]
[Site "http://www.queenalice.com/game.php?id=148582"]
[Date "2006.12.31"]
[Round "1"]
[White "marcosnatal"]
[Black "Scander"]
[Result "1-0"]
[WhiteElo "2034"]
[BlackElo "1909"]

1. d4 Nf6 2. c4 e6 3. Nc3 c5 4. d5 exd5 5. cxd5 g6 6. e4 d6 7. Nf3 Bg7 8. Bb5+
Nbd7 9. O-O a6 10. Bxd7+ Nxd7 11. Bf4 Ne5 12. Bxe5 dxe5 13. d6 Be6 14. Qd2 Rc8
15. Rfd1 h6 16. Nd5 Rc6 17. Nc7+ Kd7 18. b4 c4 19. Rac1 b5 20. a4 f5 21. Nxe6
1-0

[Event "AUTO-MASTER-245"]
[Site "http://www.queenalice.com/game.php?id=148583"]
[Date "2006.12.31"]
[Round "1"]
[White "Scander"]
[Black "TheAlchemist"]
[Result "0-1"]
[WhiteElo "1931"]
[BlackElo "2026"]

1. e4 e5 2. Nf3 Nc6 3. Bb5 a6 4. Ba4 Nf6 5. O-O Be7 6. Re1 b5 7. Bb3 O-O 8. c3
d5 9. exd5 Nxd5 10. Nxe5 Nxe5 11. Rxe5 Nf6 12. g3 Bd6 13. Re1 Bb7 14. d4 Qd7 15.
d5 Qh3 16. Qf3 Rae8 17. Bd2 Bc5 18. Qg2 Qf5 19. Na3 Ng4 20. h3 Bxf2+ 21. Kh1 Qh5
22. Rxe8 Rxe8 0-1

[Event "AUTO-MASTER-245"]
[Site "http://www.queenalice.com/game.php?id=148584"]
[Date "2006.12.31"]
[Round "1"]
[White "TheAlchemist"]
[Black "Scander"]
[Result "1-0"]
[WhiteElo "2066"]
[BlackElo "1919"]

1. Nf3 c5 2. e4 e6 3. d4 cxd4 4. Nxd4 a6 5. Bd3 Bc5 6. Nb3 Ba7 7. O-O Nc6 8. Nc3
d6 9. Be3 Bxe3 10. fxe3 h5 11. Qe1 b5 12. Qg3 Kf8 13. e5 Nxe5 14. Be4 Ra7 15.
Rad1 Qe7 16. Nd4 h4 17. Qh3 Rh6 18. Nf3 f5 19. Nxe5 dxe5 20. Rd2 g5 21. g4 hxg3
22. Qxg3 Qf6 23. Rfd1 Ne7 24. Rd8+ Kg7 25. Bg2 Rc7 26. a3 Nc6 27. Bxc6 Rxc6 28.
e4 f4 29. Qd3 g4 30. Rxc8 1-0